Komisia OSN pre medzinárodné obchodné právo bakalárska práca

Guardado en:
Detalles Bibliográficos
Autor principal: Pethőová, Erika
Autores Corporativos: Ekonomická univerzita v Bratislave. Národohospodárska fakulta, Univerzita Komenského v Bratislave. Právnická fakulta
Otros Autores: Slašťan, Miroslav
Formato: Libro
Lenguaje:eslovaco
Publicado: Bratislava 2023
Etiquetas: Agregar Etiqueta
Sin Etiquetas, Sea el primero en etiquetar este registro!

MARC

LEADER 00000nbm a2200000 4500
001 0294716
005 20231129132114.0
041 0 |a slo 
044 |a SK 
245 1 0 |a Komisia OSN pre medzinárodné obchodné právo  |b bakalárska práca  |c Erika Pethőová ; školiteľ: Miroslav Slašťan 
264 1 |a Bratislava  |c 2023 
300 |a 52 s. 
100 1 |a Pethőová, Erika 
700 1 |a Slašťan, Miroslav 
710 2 |a Ekonomická univerzita v Bratislave. Národohospodárska fakulta 
710 2 |a Univerzita Komenského v Bratislave. Právnická fakulta